Statistics for Countries with the most cities over 4 million people

Click here to take the quiz!

General Stats

  • This quiz has been taken 264 times
    (113 since last reset)
  • The average score is 25 of 27

Answer Stats

Answer % Correct
35China
100%
17India
100%
14United States of America
99%
4Brazil
99%
2United Kingdom
98%
2Pakistan
98%
2Egypt
97%
5Japan
97%
4Mexico
97%
3Indonesia
97%
3France
97%
3Russia
96%
2Nigeria
95%
2Spain
95%
3Germany
94%
2South Africa
94%
2Turkey
93%
2Canada
93%
2Italy
92%
2South Korea
90%
2Australia
88%
3Democratic Republic of the Congo
88%
2Bangladesh
86%
2Colombia
84%
2Vietnam
83%
2Philippines
75%
2Saudi Arabia
75%

Score Distribution

Percentile by Number Answered

Percent of People with Each Score

Your Score History

You have not taken this quiz since the last reset